000 00597nam a2200193Ia 4500
008 140626s9999 xx 000 0 und d
100 _aRoberts.
245 _aInvestigation of computational and visual modules to enhance learning in undergraduate heat transfer /
_cRoberts ... [et al.].
260 _cc2011.
300 _a2 : 1, page 104
440 _aComputers in Education Journal
521 _aIT
650 _aCollege of engineering.
650 _aComputational modules.
650 _aHeat transfer.
650 _aLearning enhancement.
650 _aVisual modules.
942 _cSE
999 _c120904
_d120904